000 00404nam a2200157Ia 4500
008 230312s9999||||xx |||||||||||||| ||und||
020 _a81-7554-147-4
082 _a380.1
_bFOS
100 _aPatrick Forsyth
245 0 _a101 Ways To Increase Your Sales
260 _bKogan Page
_aIndia
_c2001
300 _a128
546 _aEng.
650 _aManagement
_vRight frame of mind, Getting in.
942 _cBK
999 _c1947
_d1947